• 首页
  • 本馆介绍
  • 公告通知
  • 最新文献
  • 馆藏检索
  • 电子资源
  • 读者导购
  • 参考咨询
  • 我的图书馆
  • 登录
  • 详细信息显示
  • 放入我的书架
  • 预约/预借图书
  • 作者相关作品
  • 分类相关作品
  • 丛书相关作品
  • 出版社相关作品

书目信息

  • 表格格式
  • 工作单格式
  • 卡片格式
题名:
社区管理
    
 
作者: 于燕燕 , 卓思廉 , 陈漭 主编
分册:  
出版信息: 北京   北京邮电大学出版社  2011.03
页数: 225页
开本: 26cm
丛书名: 社区系列丛书
单 册:
中图分类: D669.3
科图分类:
主题词: 社区管理--中国--高等教育--教材 , 社区管理
电子资源:
ISBN: 978-7-5635-2551-5
000 01084oam2 2200301 45
001 1356809781
005 20130515092434.96
010    @a978-7-5635-2551-5@dCNY27.00
100    @a20130108d2011 em y0chiy50 ea
101 0  @achi
102    @aCN@b110000
105    @ay z 000yy
106    @ar
200 1  @a社区管理@AShe Qu Guan Li@f于燕燕,卓思廉,陈漭主编@FYu Yan Yan, Zhuo Si Lian, Chen Mang Zhu Bian
210    @a北京@c北京邮电大学出版社@d2011.03
215    @a225页@d26cm
225 2  @a社区系列丛书
300    @a普通高等教育“十一五”国家级规划教材
330    @a本书从社区管理理论及实践进行全面阐述,对社区自治、社区发展、社区服务、社区教育、社区文化等方面进行了理论探索,对社区管理、社区环境、社区卫生、社区安全等管理提供了有益的方法和案例分析。
461  0 @12001 @a社区系列丛书
606 0  @a社区管理@y中国@x高等教育@j教材
606 0  @a社区管理
690    @aD669.3@v5
701  0 @a于燕燕@AYu Yan Yan@4主编
701  0 @a卓思廉@AZhuo Si Lian@4主编
701  0 @a陈漭@AChen Mang@4主编
801    @aCN@bTANGWEI@c20130108
905    @b0829771-75@dD669.3@e127@f5
    
    社区管理/于燕燕,卓思廉,陈漭主编.-北京:北京邮电大学出版社,2011.03
    225页;26cm.-(社区系列丛书)
    普通高等教育“十一五”国家级规划教材
    
    ISBN 978-7-5635-2551-5:CNY27.00
    本书从社区管理理论及实践进行全面阐述,对社区自治、社区发展、社区服务、社区教育、社区文化等方面进行了理论探索,对社区管理、社区环境、社区卫生、社区安全等管理提供了有益的方法和案例分析。
●
相关链接 在E读中查询图书 在五车中查询图书 在当当中查询图书 在豆瓣中查询图书


正题名:社区管理     索取号:D669.3/127         预约/预借

序号 登录号 条形码 馆藏地/架位号 状态 备注
1 0829771   208297715   第一样本阅览室/ [索取号:D669.3/127] 在馆    
2 0829772   208297724   第一借阅区/ [索取号:D669.3/127] 在馆    
3 0829773   208297733   第一借阅区/ [索取号:D669.3/127] 在馆    
4 0829774   208297742   第一借阅区/ [索取号:D669.3/127] 在馆    
5 0829775   208297751   第一借阅区/ [索取号:D669.3/127] 在馆    
唐山师范学院图书馆 欢迎您!
大连网信软件有限公司© 版权所有